Online Catalogue and eLibrary

Liberalism and pluralism : (Record no. 448)

MARC details
000 -LEADER
fixed length control field 00694cam a22002294a 4500
001 - CONTROL NUMBER
control field 4521272
005 - DATE AND TIME OF LATEST TRANSACTION
control field 20240221034907.0
008 - FIXED-LENGTH DATA ELEMENTS--GENERAL INFORMATION
fixed length control field 990305s1999 enk b 001 0 eng
020 ## - INTERNATIONAL STANDARD BOOK NUMBER
ISBN 0415196612 (hbk.)
020 ## - INTERNATIONAL STANDARD BOOK NUMBER
ISBN 0415196620 (pbk.)
040 ## - CATALOGING SOURCE (பட்டியலாக்க மூலம்)
Original cataloging agency DLC
Transcribing agency DLC
Modifying agency DLC
082 00 - DDC Classification
Class No. 320.51
DDC Edition Number 21
Item Number - Author Mark LIB.
100 1# - MAIN ENTRY--PERSONAL NAME
Personal name Bellamy, Richard
245 10 - TITLE STATEMENT
Title Liberalism and pluralism :
Remainder of title towards a politics of compromise /
Statement of responsibility, etc. Richard Bellamy.
260 ## - PUBLICATION, DISTRIBUTION, ETC.
Place of publication, distribution, etc. London ;
-- New York :
Name of publisher, distributor, etc. Routledge,
Date of publication, distribution, etc. 1999.
300 ## - PHYSICAL DESCRIPTION
Extent (e.g. Volumes, Pages etc.) x, 245 p. ;
650 #0 - SUBJECT ADDED ENTRY--TOPICAL TERM
Topical term or geographic name entry element Liberalism.
650 #0 - SUBJECT ADDED ENTRY--TOPICAL TERM
Topical term or geographic name entry element Cultural pluralism.
650 #0 - SUBJECT ADDED ENTRY--TOPICAL TERM
Topical term or geographic name entry element Compromise (Ethics)
856 42 - ELECTRONIC LOCATION AND ACCESS
Uniform Resource Identifier <a href="http://www.loc.gov/catdir/enhancements/fy0649/99020773-d.html">http://www.loc.gov/catdir/enhancements/fy0649/99020773-d.html</a>
942 ## - Koha item type (Biblio)
Koha item type Books in Stacks (Lending)
Holdings
Lost status Damaged status Collection code Home library Current library Date acquired Full call number Accession Number Item type
    Lending WERC Library WERC Library 02/21/2024 320.51 LIB. 4255 Books in Stacks (Lending)

© WERC Library